Tyler, the Creator songs by lyrics - Statistics

General Stats
  • This quiz has been taken 83 times
  • The average score is 13 of 24
Answer Stats
Lyrics Answer % Correct
"20-20, 20-20 vision, cupid hit mecupid hit me with precision I wonder if you look both ways when you cross my mind" See you again
94%
"I fucking hate you, but I love you I'm bad atkeeping my emotions bubbled" IFHY
82%
"Don't get green skin, keep contactdon't say goodbye, smell you later nah, I can't" Are we still friends?
78%
"Wolf Haley, golf wang, go. I'm a fuckingwalking paradox, no, I'm not, threesomes with a fuckin triceratops" Yonkers
78%
"I'm tryna buy my neighbor house andturn it to yard, If you don't know my daughter name then we ain't really dogs" Dogtooth
76%
"Hit it out, spit it out, get it out. That's onmy Momma 'nem" Mommanem
73%
"Hey dad it's me, um oh, I'm Tyler I think I'd beyour son. Sorry, I called you the wrong name, see, My brain's splitting" Answer
68%
"I wanna be found, passenger in your car, youwanna give me mixed signals no park" New Magic wand
68%
"Roll my windows up, darlin', roll them windows up. Biscuit ass niggas wonder how I got my jiffy up" Rah tah tah
68%
"How could I ever miss something that I'venever had? I would never judge you 'cause everything worked out without him" Like Him
59%
"I'm a third wheeler, I'm a side-better, I'm ahomewrecker give it up, give it up, give it up" Best interest
56%
"Pull up old tweets, pull up old t-shirts all that I'll moonwalk over that bitch" Thought I was dead
54%
"Turn my lights on, how the fuck you quietwith the mic on? I don't get anxiety you Sam Bowie ass niggas" What's Good
53%
"You weird as fuck, nigga, I said stop. Idon't white people with dreadlocks" Big Poe
47%
"Now you facin' five to ten 'cause youhad somethin' to prove, let's talk about it" Take your mask off
46%
"Are you from Harlem? make your armsand legs shake, uh-huh give me that slice of cream, is it your birthday?" Sugar on my tongue
41%
"We boated here. It's Tunechi and Tyler, callme Baudelaire, yeah" Hot Wind blows
40%
"I don't like to follow the rules, she said that Imust, I don't have any armpits" Deathcamp
37%
"Let me see y'all write a page, let mesee y'all make a decision I made and claim that I don't know about minimum wage or section 8" Sorry not sorry
37%
"I had to switch the gears on 'em, fishtail inthe rearview mir' on 'em" Pothole
33%
"Nigga said I lost touch with the regularfolks, I ain't never been regular, you niggas is jokes" Don't Tap that Glass/Tweakin'
27%
"Unlike my friends, don't think I'll fall in loveagain but I'll take the chance, seclusion isn't in my plans" Wharf Talk
26%
"Come and light my fire, I'll blow your fuckingface off Niggas, I'm the goddamn pilot" Cherry Bomb
19%
"Fuck it, I understand that I wasn't as plannedas some other Ideas in his head, I hold no grudges I heard he a fan" Mother
15%
No matching quizzes found
Score Distribution
Percent of People with Each Score
Percentile by Number Answered
Your Score History
You have not taken this quiz